[Event "TCh-SUI 2011"]
[Site "Switzerland SUI"]
[Date "2011.04.17"]
[Round "3.2"]
[White "Jussupow,Ar"]
[Black "Fargere,Fr"]
[Result "1-0"]
[WhiteElo "2576"]
[BlackElo "2512"]

1.d4 d5 2.Nf3 Nf6 3.e3 c6 4.c4 Bg4 5.cxd5 cxd5 6.Qb3 Qc7 7.Nc3 Bxf3 8.gxf3 e6
9.Bd2 Nc6 10.Rc1 Be7 11.Bb5 O-O 12.Na4 Rfc8 13.Ke2 e5 14.dxe5 Qxe5 15.Bxc6 bxc6
16.Bc3 Qe6 17.Bxf6 Rab8 18.Qd3 Qxf6 19.b3 Qe5 20.Qc3 Qxc3 21.Rxc3 Bb4 22.Rc2 Kf8
23.Rd1 Ke7 24.e4 Bd6 25.h3 Bf4 26.Nc5 Bd6 27.exd5 cxd5 28.Rxd5 Bxc5 29.Rcxc5 Rxc5
30.Rxc5 Kd6 31.Rg5 g6 32.Ra5 Rb7 33.Kd3 Kc6 34.Kc4 Kd6 35.b4 f5 36.f4 Rc7+
37.Kd4  1-0

[Event "TCh-SUI 2011"]
[Site "Switzerland SUI"]
[Date "2011.06.26"]
[Round "5.1"]
[White "Jussupow,Ar"]
[Black "Huebner,R"]
[Result "1/2-1/2"]
[WhiteElo "2576"]
[BlackElo "2600"]

1.d4 Nf6 2.c4 e6 3.Nc3 Bb4 4.e3 c5 5.Ne2 cxd4 6.exd4 O-O 7.a3 Be7 8.Nf4 d5
9.cxd5 Nxd5 10.Ncxd5 exd5 11.Bd3 Nc6 12.O-O Bd6 13.Re1 g6 14.Be3 Re8 15.Qf3 Be6
16.Rad1 Qf6 17.Be2 Rad8  1/2-1/2

[Event "XII Puhajarve Handicap"]
[Site "Puhajarve EST"]
[Date "2011.11.25"]
[Round "2"]
[White "Miezis,N"]
[Black "Jussupow,Ar"]
[Result "0-1"]
[WhiteElo "2547"]
[BlackElo "2569"]

1.c4 e6 2.e4 c5 3.Nc3 Nc6 4.g3 g6 5.Bg2 Bg7 6.Nge2 d6 7.O-O Nge7 8.d3 O-O
9.Be3 Nd4 10.Qd2 Nec6 11.Bh6 a6 12.Bxg7 Kxg7 13.Rab1 Rb8 14.Nxd4 Nxd4 15.b4 b5
16.cxb5 axb5 17.Rfc1 Bd7 18.bxc5 dxc5 19.e5 Bc6 20.Bxc6 Nxc6 21.f4 c4 22.Ne4 Nd4
23.Qe3 Nf5 24.Qd2 Qd4+ 25.Nf2 Rfd8 26.Qc3 Qe3 27.Re1 Qf3 28.Qd2 cxd3 29.Rb3 Ra8
30.a3 Rd7 31.Re4 Rc8 32.Re1 Rc2 33.Rxd3 Rxd3 34.Qxc2 Rxa3 35.Qe4 Qc3 36.Rd1 Ne3
37.Rb1 Ra2 38.Qf3 Qc2 39.Re1 Nf5 40.Kg2 b4 41.h4 h5 42.Rf1 b3 43.Kh3 b2 44.Qb7 Ra1
45.Qb8 Rxf1 46.Qd8 Rxf2 47.Qf6+ Kg8  0-1

[Event "XII Puhajarve Handicap"]
[Site "Puhajarve EST"]
[Date "2011.11.25"]
[Round "6"]
[White "Siemer,T"]
[Black "Jussupow,Ar"]
[Result "1/2-1/2"]
[WhiteElo "2046"]
[BlackElo "2569"]

1.d4 e6 2.c4 f5 3.Nf3 Nf6 4.Nc3 Bb4 5.Bd2 O-O 6.g3 b6 7.Bg2 Bb7 8.a3 Bxc3
9.Bxc3 Ne4 10.Qc2 d6 11.Nd2 d5 12.Nxe4 fxe4 13.O-O Nd7 14.Rac1 Nf6 15.Bd2 Rf7
16.Bf4 dxc4 17.Qxc4 Bd5 18.Qc2 Rc8 19.Bg5  1/2-1/2

[Event "XII Puhajarve Handicap"]
[Site "Puhajarve EST"]
[Date "2011.11.25"]
[Round "7"]
[White "Jussupow,Ar"]
[Black "Kulaots,K"]
[Result "1/2-1/2"]
[WhiteElo "2569"]
[BlackElo "2577"]

1.d4 Nf6 2.Nf3 e6 3.e3 b6 4.Bd3 Bb7 5.O-O c5 6.c4 g6 7.d5 exd5 8.cxd5 Bg7
9.e4 O-O 10.Nc3 d6 11.Bf4 a6 12.a4 Nh5 13.Bg5 Bf6 14.Bh6 Bg7 15.Qd2 Nd7 16.Rfe1 Bxh6
17.Qxh6 Qf6 18.Ng5 Qg7 19.Qxg7+ Kxg7 20.g3 h6 21.Nf3 Nhf6 22.h3 Rab8 23.Re3 Bc8
24.Rae1 Ne8 25.Nd2 Nc7 26.Nc4 Ne8 27.Bf1 b5 28.axb5 axb5 29.Na5 b4 30.Nb1 Nb6
31.Nd2 f5 32.Ndc4 fxe4 33.Nxb6 Rxb6 34.Rxe4 Nf6 35.Re7+ Rf7 36.Nc4 Ra6 37.Bg2 Kf8
38.Rxf7+ Kxf7 39.f4 h5 40.Kf2 Ne8 41.Bf1 Ra2 42.Bd3 Ba6 43.Re2 Bxc4 44.Bxc4 Ra7
45.g4 hxg4 46.hxg4 Re7 47.Rxe7+ Kxe7 48.Kf3 Kf7 49.g5 Kg7 50.b3 Kf7 51.Ke4 Ng7
52.Ba6 Nf5 53.Kd3 Ng3 54.Bc8 Ke7 55.Bg4 Kf7 56.Ke3 Nf5+ 57.Bxf5 gxf5 58.Kd3 Kg7
59.Kc4 Kg6 60.Kb5 Kf7 61.Kc4 Kg6  1/2-1/2

[Event "XII Puhajarve Handicap"]
[Site "Puhajarve EST"]
[Date "2011.11.25"]
[Round "8"]
[White "Nyback,T"]
[Black "Jussupow,Ar"]
[Result "1/2-1/2"]
[WhiteElo "2631"]
[BlackElo "2569"]

1.d4 Nf6 2.c4 e6 3.Nf3 d5 4.g3 Bb4+ 5.Bd2 Be7 6.Bg2 O-O 7.O-O Nbd7 8.Qc2 c6
9.Bf4 Nh5 10.Bc1 f5 11.b3 Bd6 12.Ba3 Bxa3 13.Nxa3 Qe7 14.Qb2 Nhf6 15.Nc2 b6
16.Nce1 Ba6 17.Rc1 Ne4 18.Nd3 Rac8 19.Nfe5 Ndf6 20.b4 dxc4 21.Nxc4 Nd5 22.Nce5 Qd6
23.Rc2 Bb5 24.Qb3 Rc7 25.Rfc1 Nef6 26.a4 Bxd3 27.Nxd3 Rfc8 28.e3 Nd7 29.b5 N7f6
30.bxc6 Rxc6 31.Ne5 Rxc2 32.Rxc2 Rxc2 33.Qxc2 Qc7 34.Qxc7 Nxc7 35.Kf1 Nfd5
36.Ke1 Kf8 37.Kd2 a6 38.f3 Ke7 39.e4 fxe4 40.fxe4 Nf6 41.Nc4 b5 42.axb5 axb5
43.Na5 Nd7 44.Kc3 e5 45.Bh3 exd4+ 46.Kxd4 Ne6+ 47.Bxe6 Kxe6 48.Nc6 Kd6 49.Na7 b4
50.Nb5+ Ke6 51.Nc7+ Kf6 52.Nd5+ Kg5 53.h3 h5 54.Nxb4 h4 55.gxh4+ Kxh4 56.e5 Nxe5
57.Kxe5 Kxh3 58.Ke4  1/2-1/2

[Event "XII Puhajarve Handicap"]
[Site "Puhajarve EST"]
[Date "2011.11.25"]
[Round "10"]
[White "Ozolins,Ar"]
[Black "Jussupow,Ar"]
[Result "0-1"]
[WhiteElo "2236"]
[BlackElo "2569"]

1.e4 e5 2.Nf3 Nf6 3.Bc4 Nxe4 4.d3 Nd6 5.Nxe5 Nxc4 6.dxc4 d6 7.Nd3 Be7 8.O-O O-O
9.h3 Nc6 10.Nd2 Bf5 11.Nf3 h6 12.Rb1 Qd7 13.b4 Rae8 14.Bd2 Bf6 15.Re1 Bxh3
16.gxh3 Qxh3 17.Nf4 Qg4+ 18.Ng2 Qxc4 19.Rb3 Qg4 20.Nh4 Rxe1+ 21.Qxe1 Bxh4
22.Re3 Nd4 23.c3 Nc2 24.Qe2 Nxe3 25.Qxe3 Bf6  0-1

[Event "XII Puhajarve Handicap"]
[Site "Puhajarve EST"]
[Date "2011.11.25"]
[Round "12"]
[White "Valgmae,Toomas"]
[Black "Jussupow,Ar"]
[Result "0-1"]
[WhiteElo "2208"]
[BlackElo "2569"]

1.d4 e6 2.c4 Nf6 3.Nf3 d5 4.Nc3 Be7 5.Bg5 O-O 6.e3 h6 7.Bh4 b6 8.Bd3 Bb7
9.O-O Nbd7 10.Qe2 Ne4 11.Bxe7 Qxe7 12.Rac1 c5 13.cxd5 exd5 14.dxc5 bxc5 15.Ba6 Ndf6
16.Rfd1 Rfb8 17.b3 Nxf2 18.Kxf2 Ng4+ 19.Kg3 Qd6+ 20.Kxg4 Bxa6 21.Qc2 Bc8+
22.Kh4 Rb4+ 23.Rd4 cxd4  0-1

[Event "XII Puhajarve Handicap"]
[Site "Puhajarve EST"]
[Date "2011.11.25"]
[Round "14"]
[White "Sepp,O"]
[Black "Jussupow,Ar"]
[Result "1-0"]
[WhiteElo "2486"]
[BlackElo "2569"]

1.e4 e5 2.Nf3 Nf6 3.Nc3 Bb4 4.Nxe5 O-O 5.Be2 Re8 6.Nd3 Bxc3 7.dxc3 Nxe4 8.O-O d5
9.Re1 c6 10.Be3 Bf5 11.Bf1 Nd7 12.f3 Nd6 13.b3 Nb5 14.Qd2 Qf6 15.a4 Nxc3
16.Nf4 c5 17.Nh5 Qh4 18.Ng3 Be6 19.Qxc3 d4 20.Bxd4 cxd4 21.Qd2 Nf6 22.Ne4 Rad8
23.Nc5 Bc8 24.Bb5 Rxe1+ 25.Rxe1 h6 26.Bc4 b6 27.Ne4 Bb7 28.g3 Nxe4 29.Rxe4 Qh5
30.Rf4 Rd7 31.Qd3 Qe5 32.Kf2 Re7 33.Qd2 Qh5 34.h4 Re3 35.Bxf7+ Qxf7 36.Rxf7 Kxf7
37.Qxd4 Rxf3+ 38.Ke2 Ba8 39.Qd7+ Kg6 40.Qe8+ Kh7  1-0

[Event "XII Puhajarve Handicap"]
[Site "Puhajarve EST"]
[Date "2011.11.25"]
[Round "17"]
[White "Jussupow,Ar"]
[Black "Volodin,Alek"]
[Result "1-0"]
[WhiteElo "2569"]
[BlackElo "2495"]

1.d4 Nf6 2.Nf3 c5 3.d5 b5 4.Bg5 Qb6 5.c3 d6 6.Bxf6 exf6 7.Nbd2 Nd7 8.e4 Rb8
9.a4 a6 10.axb5 axb5 11.Bd3 g6 12.O-O Bg7 13.Qb1 Bb7 14.c4 b4 15.Nb3 O-O
16.Ra5 Ra8 17.Qa2 Rxa5 18.Qxa5 Ra8 19.Qxb6 Nxb6 20.Nc1 f5 21.b3 fxe4 22.Bxe4 Bc8
23.h3 f5 24.Bc2 Bf6 25.g3 Kf7 26.Kg2 h6 27.h4 Ra3 28.Ne2 Ra2 29.Bd1 g5 30.hxg5 hxg5
31.Rh1 Kg6 32.Nc1 Ra3 33.Bc2 g4 34.Nh4+ Kg5 35.f4+ gxf3+ 36.Nxf3+ Kg6 37.g4 Bg5
38.gxf5+ Bxf5 39.Bxf5+ Kxf5 40.Rh5 Ra1 41.Rxg5+ Ke4 42.Ne2 Kd3 43.Nf4+ Kc3
44.Rg6 Kxb3 45.Rxd6 Nxc4 46.Rc6 Ra5 47.d6 Ne3+ 48.Kf2 Ng4+ 49.Kg3 Nf6 50.Ne5 Ne4+
51.Kf3 Nxd6 52.Rxd6 c4 53.Nc6 Ra3 54.Nd4+ Kb2+ 55.Ke4 c3 56.Nd3+ Kb1 57.Nxb4 Ra8
58.Kd3 Kb2 59.Rb6 Rh8 60.Nbc2+ Ka2 61.Kxc3 Rc8+ 62.Nc6 Rxc6+ 63.Rxc6 Kb1
64.Re6  1-0

[Event "XII Puhajarve Handicap"]
[Site "Puhajarve EST"]
[Date "2011.11.25"]
[Round "19"]
[White "Korchnoi,V"]
[Black "Jussupow,Ar"]
[Result "0-1"]
[WhiteElo "2567"]
[BlackElo "2569"]

1.d4 Nf6 2.c4 e6 3.Nf3 d5 4.Nc3 Be7 5.e3 b6 6.Bd3 Bb7 7.O-O O-O 8.Qe2 Ne4
9.Qc2 f5 10.cxd5 exd5 11.Ne5 Nd7 12.f3 Nxe5 13.dxe5 Nxc3 14.bxc3 Qd7 15.Kh1 c5
16.c4 Rad8 17.Bb2 Kh8 18.Rad1 Qe6 19.cxd5 Bxd5 20.e4 fxe4 21.fxe4 Bxa2 22.Rxf8+ Rxf8
23.Ra1 Bb3 24.Qd2 a5 25.Bb5 a4 26.h3 h6 27.Bc3 c4 28.Bd7 Qg6 29.Bf5 Qg3 30.e6 Bg5
31.e7 Rg8 32.Qd5 Bxe7 33.Qe6 Qd6 34.Qf7 Bg5 35.Be6 Qf8 36.Qxg8+ Qxg8  0-1

[Event "XII Puhajarve Handicap"]
[Site "Puhajarve EST"]
[Date "2011.11.25"]
[Round "24"]
[White "Jussupow,Ar"]
[Black "Seeman,T"]
[Result "1-0"]
[WhiteElo "2569"]
[BlackElo "2400"]

1.d4 Nf6 2.Nf3 g6 3.c4 Bg7 4.Nc3 O-O 5.Bg5 c5 6.d5 b5 7.cxb5 a6 8.e3 d6 9.a4 h6
10.Bh4 Qa5 11.Nd2 Qb4 12.Bxf6 Bxf6 13.Ra3 axb5 14.Bxb5 Qa5 15.Nc4 Qc7 16.a5 Na6
17.Nb6 Rb8 18.O-O Nb4 19.Qe2 Bb7 20.Rd1 Rfd8 21.Bc4 Bg7 22.Nb5  1-0

[Event "XII Puhajarve Handicap"]
[Site "Puhajarve EST"]
[Date "2011.11.25"]
[Round "25"]
[White "Lauk,U"]
[Black "Jussupow,Ar"]
[Result "1/2-1/2"]
[WhiteElo "2394"]
[BlackElo "2569"]

1.e4 e5 2.Nf3 Nf6 3.Nxe5 d6 4.Nf3 Nxe4 5.Nc3 Nf6 6.d4 Be7 7.h3 O-O 8.Bd3 c5
9.O-O Nc6 10.Bg5 h6 11.Bh4 Nb4 12.Be2 Bf5 13.Rc1 Re8 14.a3 Nbd5 15.Nxd5 Nxd5
16.Bxe7 Rxe7 17.Qd2 Be4 18.Rfe1 Qd7 19.dxc5 dxc5 20.Rcd1 Qf5 21.Bd3 Bxd3
22.Rxe7 Nxe7 23.Qxd3 Qf6 24.c3 Nc6 25.Qe4  1/2-1/2

[Event "XII Puhajarve Handicap"]
[Site "Puhajarve EST"]
[Date "2011.11.25"]
[Round "27"]
[White "Schuls,O"]
[Black "Jussupow,Ar"]
[Result "1/2-1/2"]
[WhiteElo "2224"]
[BlackElo "2569"]

1.e4 e5 2.Nf3 Nf6 3.Nxe5 d6 4.Nf3 Nxe4 5.Nc3 Nf6 6.d4 Bg4 7.h3 Bh5 8.Be2 Be7
9.O-O O-O 10.Nh4 Bxe2 11.Qxe2 g6 12.Re1 Re8 13.Bg5 Nc6 14.Rad1 Nd7 15.Bxe7 Rxe7
16.Qg4 Nf6 17.Qf4 Nh5 18.Qg4 Nf6 19.Qf4 Nh5 20.Qg4 Nf6 21.Qg5 Rxe1+ 22.Rxe1 Nxd4  1/2-1/2

[Event "TCh-SUI National A 2012"]
[Site "Switzerland SUI"]
[Date "2012.04.15"]
[Round "2.1"]
[White "Stojanovic,Mih"]
[Black "Jussupow,Ar"]
[Result "1/2-1/2"]
[WhiteElo "2579"]
[BlackElo "2578"]

1.Nf3 d5 2.d4 c6 3.c4 e6 4.Nbd2 Nf6 5.g3 Be7 6.Bg2 O-O 7.O-O b6 8.Qc2 Bb7
9.e4 Na6 10.a3 c5 11.cxd5  1/2-1/2

[Event "TCh-SUI National A 2012"]
[Site "Switzerland SUI"]
[Date "2012.04.29"]
[Round "3.1"]
[White "Jussupow,Ar"]
[Black "Edouard,R"]
[Result "1/2-1/2"]
[WhiteElo "2578"]
[BlackElo "2607"]

1.d4 d5 2.Nf3 Nf6 3.e3 g6 4.c4 Bg7 5.Nc3 O-O 6.Qb3 e6 7.Bd2 b6 8.cxd5 exd5
9.Be2 Be6 10.O-O Ne4 11.Rfd1 Nxd2 12.Rxd2 c6 13.Rc1 Nd7 14.Qa4 c5 15.dxc5 Nxc5
16.Qd1 Bxc3 17.bxc3 Qf6  1/2-1/2

[Event "TCh-SUI National A 2012"]
[Site "Switzerland SUI"]
[Date "2012.06.03"]
[Round "4.2"]
[White "Jussupow,Ar"]
[Black "Hug,W"]
[Result "1/2-1/2"]
[WhiteElo "2578"]
[BlackElo "2469"]

1.d4 g6 2.g3 Bg7 3.Bg2 d5 4.Nf3 c6 5.O-O Nf6 6.b3 O-O 7.Bb2 a5 8.c4 a4 9.Nbd2 Bf5
10.Nh4 Be6 11.Re1 a3 12.Bc3 c5 13.e3 cxd4 14.exd4 Nc6 15.Nhf3 Bg4 16.h3 Bxf3
17.Qxf3 e6 18.c5 Nd7 19.Qd3 Qf6  1/2-1/2

[Event "TCh-SUI National A 2012"]
[Site "Switzerland SUI"]
[Date "2012.06.24"]
[Round "5.1"]
[White "Fressinet,L"]
[Black "Jussupow,Ar"]
[Result "1/2-1/2"]
[WhiteElo "2693"]
[BlackElo "2578"]

1.Nf3 Nf6 2.c4 e6 3.g3 d5 4.Bg2 Nbd7 5.Qc2 c6 6.O-O Bd6 7.d4 Ne4 8.Nc3 f5
9.Rb1 Qe7 10.c5 Bc7 11.b4 O-O 12.Bb2 e5 13.dxe5 Nxe5 14.Nxe5 Bxe5 15.e3 a5
16.a3 axb4 17.axb4 h5 18.Ne2 h4 19.Nf4 Bxb2 20.Qxb2 hxg3 21.hxg3 Qf6 22.Qxf6 Nxf6
23.Ra1 Bd7 24.f3 g5 25.Ne2 Kf7 26.Nd4 Kg6 27.Rfb1 Rh8 28.Kf2 g4 29.f4 Rhb8
30.Ra5 Rxa5 31.bxa5 Ra8 32.Ra1 Kf7 33.Nb3 Be6 34.Ra4 Ke7 35.Rb4 Bc8 36.Bf1 Ne4+
37.Kg2 Nc3 38.Bd3 Nd1 39.a6 bxa6 40.Na5 Bd7 41.Rb7 Kd8 42.Kf1 Nxe3+ 43.Ke2 d4
44.Kd2 Kc8 45.Be2 Nd5 46.Rb3 Rb8 47.Bxa6+ Kc7 48.Rxb8 Kxb8 49.Bd3 Nf6 50.Ke2 Ne4
51.Bxe4 fxe4 52.Nb3 d3+ 53.Ke3 Be6 54.Nd4 Bd7 55.Nb3 Be6 56.Nd4 Bd7 57.Nb3  1/2-1/2

[Event "TCh-SUI National A 2012"]
[Site "Switzerland SUI"]
[Date "2012.09.22"]
[Round "6.1"]
[White "Jussupow,Ar"]
[Black "Sokolov,And1"]
[Result "1/2-1/2"]
[WhiteElo "2578"]
[BlackElo "2577"]

1.d4 Nf6 2.c4 e6 3.Nc3 Bb4 4.e3 O-O 5.Ne2 d5 6.a3 Be7 7.cxd5 exd5 8.g3 a5
9.Bg2 Na6 10.O-O c6 11.f3 c5 12.Bd2 Re8 13.Be1 Nc7 14.Bf2 b6 15.Re1 Ba6 16.Qd2 Qd7  1/2-1/2

[Event "TCh-SUI National A 2012"]
[Site "Switzerland SUI"]
[Date "2012.09.23"]
[Round "7.1"]
[White "Pinter,J"]
[Black "Jussupow,Ar"]
[Result "1/2-1/2"]
[WhiteElo "2548"]
[BlackElo "2578"]

1.d4 Nf6 2.c4 e6 3.Nf3 d5 4.Nc3 Be7 5.Bg5 O-O 6.Rc1 h6 7.Bh4 b6 8.e3 Nbd7
9.cxd5 exd5 10.Bd3 Bb7 11.Bf5 g6 12.Bxd7 Nxd7 13.Bxe7 Qxe7 14.O-O Rfd8 15.Qb3 Nf8
16.Rfd1 Kg7 17.Ne2 Ne6 18.Nf4 Rac8 19.Nxe6+ Qxe6 20.Qc3 a5 21.a3 f6 22.b4 axb4
23.axb4 Ba6 24.Nd2 Bb5 25.Ra1 Rd7 26.Re1 Re8 27.h3 Ree7 28.Ra8 h5 29.Rb8 Qd6
30.Ra1 Rd8 31.Rxd8 Qxd8 32.Ra7 Qd6 33.Qb2 Qc6 34.Nb1 Qc4 35.Nc3 Qf1+ 36.Kh2 Bc4
37.Ra1 Qd3 38.b5 g5 39.Rd1 Qf5 40.Kg1 Re8 41.Re1 h4 42.Qd2 g4 43.hxg4 Qxg4
44.f3 Qg3 45.Ne2 Bxe2 46.Rxe2 Ra8 47.Qc1 Ra4 48.Rc2 Rc4 49.Rxc4 dxc4 50.Qxc4 Qe1+
51.Kh2 Qg3+  1/2-1/2

[Event "TCh-SUI 2013"]
[Site "Switzerland SUI"]
[Date "2013.03.17"]
[Round "1.1"]
[White "Jussupow,Ar"]
[Black "Istratescu,A"]
[Result "1/2-1/2"]
[WhiteElo "2587"]
[BlackElo "2651"]

1.d4 e6 2.c4 Bb4+ 3.Nd2 d5 4.a3 Be7 5.e4 dxe4 6.Nxe4 Nf6 7.Nc3 c5 8.Nf3 cxd4
9.Nxd4 Nc6 10.Be3 Nxd4 11.Qxd4 Qxd4 12.Bxd4 Bd7 13.Be2 O-O 14.O-O Rfd8 15.Rfd1 Bc6
16.Be3 Ne4 17.Nxe4 Bxe4 18.f3 Bc2 19.Rxd8+ Rxd8 20.Rc1 Bb3 21.Rc3 Bd1 22.Bxd1 Rxd1+
23.Kf2 Bf6 24.Rb3 Rb1 25.Rxb7 Rxb2+ 26.Rxb2 Bxb2 27.a4 a6 28.Bc5 Be5 29.h3 f6
30.Ke3 Kf7 31.Kd3 Ke8 32.g4  1/2-1/2

[Event "TCh-SUI 2013"]
[Site "Switzerland SUI"]
[Date "2013.04.28"]
[Round "2.2"]
[White "Hug,W"]
[Black "Jussupow,Ar"]
[Result "1/2-1/2"]
[WhiteElo "2471"]
[BlackElo "2587"]

1.d4 d5 2.Bf4 e6 3.e3 Bd6 4.Bxd6 Qxd6 5.Qg4 Kf8 6.Nc3 Nf6 7.Qh4 c5 8.Nf3 Nc6
9.Bb5 Bd7 10.Bxc6 Bxc6 11.O-O  1/2-1/2

[Event "TCh-SUI 2013"]
[Site "Switzerland SUI"]
[Date "2013.05.26"]
[Round "3.3"]
[White "Hickl,J"]
[Black "Jussupow,Ar"]
[Result "1/2-1/2"]
[WhiteElo "2577"]
[BlackElo "2587"]

1.g3 f5 2.Bg2 Nf6 3.Nf3 g6 4.c4 Bg7 5.O-O d6 6.Nc3 O-O 7.Rb1 a5 8.a3 Nc6
9.b4 axb4 10.axb4 e5 11.d3 h6 12.b5 Ne7 13.Bb2 g5 14.Nd2 Qe8 15.Ra1 Rxa1
16.Qxa1 Qh5 17.Qa5 b6 18.Qa7 Ne8 19.Re1 Be6 20.Qb7 f4 21.Nd5 Nxd5 22.Bxd5 Bxd5
23.Qxd5+ Kh8 24.Ne4 Qh3 25.Ra1 Nf6 26.Nxf6 Bxf6 27.Ra8 Rxa8 28.Qxa8+ Kg7
29.Qc6 Qc8 30.Kg2 Qd8 31.g4 Qe7 32.h3 Qf7 33.Kf1 h5 34.Ba3 hxg4 35.hxg4 Bd8
36.Bb2 Qe6 37.f3 Kf7 38.Bc3 Qe8 39.Qe4 Qe6 40.Ke1 Ke8 41.Kd2 Bf6 42.Kc2 Kd7
43.Kb3 Bd8 44.Bd2 Qh6 45.Bc3 Qe6 46.e3 fxe3 47.Qxe3 Qg6 48.Kb2 Bf6 49.Qe4  1/2-1/2

[Event "TCh-SUI 2013"]
[Site "Switzerland SUI"]
[Date "2013.06.22"]
[Round "4.1"]
[White "Gaehler,M"]
[Black "Jussupow,Ar"]
[Result "1/2-1/2"]
[WhiteElo "2317"]
[BlackElo "2587"]

1.e4 e5 2.Nf3 Nf6 3.d4 exd4 4.e5 Ne4 5.Qxd4 d5 6.exd6 Nxd6 7.Bg5 Nc6 8.Qc3 f6
9.Bf4 Qe7+ 10.Be2 Ne4 11.Qc4 Qb4+ 12.Nbd2 Bd6 13.Be3 Qxc4 14.Bxc4 Nxd2 15.Nxd2 Bf5
16.O-O-O O-O-O 17.h3 Rhe8 18.Bb5 Bd7 19.a3 Ne5 20.Bxd7+ Rxd7 21.Ne4 Bf8 22.Rxd7 Kxd7
23.Bc5 Bxc5 24.Nxc5+ Kc6 25.Nb3 Nc4 26.Nd2 Nd6 27.Kd1 Kd5 28.Re1 Rxe1+ 29.Kxe1 c5
30.Ke2 c4 31.Nb1 Nf5 32.Nc3+ Ke5 33.Kd2 Nd4 34.Ne2 h5 35.f4+ Kd5 36.Nc3+ Ke6
37.Ne4 b6 38.c3 Nf5 39.Ke2 Kd5 40.Nd2 Nd6 41.Nf1 h4 42.Kf3 Nf5 43.Nd2 b5
44.Nf1 a6 45.Nd2 Nh6 46.Nf1 Nf5 47.Nd2 Nh6 48.Nf1  1/2-1/2

[Event "TCh-SUI 2013"]
[Site "Switzerland SUI"]
[Date "2013.10.12"]
[Round "8.1"]
[White "Jussupow,Ar"]
[Black "Godena,M"]
[Result "1/2-1/2"]
[WhiteElo "2587"]
[BlackElo "2518"]

1.d4 d5 2.Nf3 Nf6 3.e3 c6 4.c4 Bg4 5.cxd5 cxd5 6.Qb3 Qc7 7.Bb5+ Nc6 8.Ne5 e6
9.Bd2 Bd6 10.Bb4 O-O 11.Bxd6 Qxd6 12.Bxc6 bxc6 13.Qa3 c5 14.Nd2 Qb8 15.f3 Bf5
16.g4 cxd4 17.exd4 Bg6 18.h4 h6 19.Rc1 Rc8 20.Kf2 Qb6 21.Ke3 Bc2 22.g5 Ne8
23.Nd7 Qd6 24.Nc5  1/2-1/2

[Event "TCh-SUI 2013"]
[Site "Switzerland SUI"]
[Date "2013.10.13"]
[Round "9.1"]
[White "Kurmann,O"]
[Black "Jussupow,Ar"]
[Result "1/2-1/2"]
[WhiteElo "2421"]
[BlackElo "2587"]

1.e4 e6 2.d4 d5 3.Nd2 dxe4 4.Nxe4 Bd7 5.Nf3 Bc6 6.Bd3 Nd7 7.O-O Bxe4 8.Bxe4 c6
9.c3 Ngf6 10.Bc2 Bd6 11.Qe2 Qc7 12.g3 O-O 13.Re1 Rfe8 14.Ne5 Nf8 15.Nc4 Be7
16.Bf4 Qd8 17.Rad1 Ng6 18.Bc1 Qd5 19.a3 Rad8 20.h4 Qh5 21.Qf1 Qd5 22.Ne5 Qa5
23.Qe2 Nxe5 24.dxe5 Nd7 25.h5 Nf8 26.Rxd8 Rxd8 27.Qg4 Rd7 28.Kg2 Kh8 29.Qf4 Kg8
30.Qg4 Kh8 31.f4 Rd8 32.Rd1 Rxd1 33.Qxd1 Qd8 34.Be3 Qxd1 35.Bxd1 a6 36.g4 Nd7
37.Kf3 Kg8 38.Ke4 g6 39.b4 f5+ 40.exf6 Nxf6+ 41.Ke5 Kf7 42.hxg6+ hxg6 43.c4 a5
44.Bd2 axb4 45.axb4 c5 46.b5 Bf8 47.Bf3 b6 48.f5 Nd7+ 49.Ke4 gxf5+ 50.gxf5 Nf6+
51.Ke5 Nd7+ 52.Ke4 Nf6+ 53.Ke5  1/2-1/2

[Event "TCh-SUI 2014"]
[Site "Switzerland SUI"]
[Date "2014.03.30"]
[Round "2.2"]
[White "Istratescu,A"]
[Black "Jussupow,Ar"]
[Result "1-0"]
[WhiteElo "2672"]
[BlackElo "2581"]

1.e4 e5 2.Nf3 Nf6 3.Nxe5 d6 4.Nf3 Nxe4 5.d4 d5 6.Bd3 Nc6 7.O-O Be7 8.c4 Nf6
9.Nc3 Be6 10.c5 Bg4 11.Bb5 O-O 12.Bxc6 bxc6 13.h3 Bxf3 14.Qxf3 Re8 15.Bf4 Nd7
16.Rfe1 Bf6 17.Qd3 Rxe1+ 18.Rxe1 a5 19.b3 Nf8 20.Be5 Ne6 21.g3 g6 22.h4 Rb8
23.Re3 Bg7 24.Bxg7 Nxg7 25.Re5 Qd7 26.Nb1 Qg4 27.Nd2 a4 28.Nf3 axb3 29.axb3 Qd7
30.Kg2 f6 31.Re2 Re8 32.Ne1 Rxe2 33.Qxe2 Qe6 34.Qxe6+ Nxe6 35.Nc2 Kf7 36.Kf3 Ke7
37.Ke3 Kd7 38.Ne1 Nd8 39.g4 Nb7 40.Kd2 Ke6 41.f4 h5 42.f5+ Kf7 43.gxh5 gxf5
44.Ng2 Kg7 45.b4 Nd8 46.Nf4 Kf8 47.Kc3 Nf7 48.Ne6+ Ke7 49.Nxc7 Kd7 50.Na6 f4
51.b5 cxb5 52.Nb4 Ke6 53.Nd3 f3 54.Kb4 Nh6 55.Kxb5 Nf5 56.c6 Nxd4+ 57.Kb6 Nf5
58.c7 Ne7 59.Kc5 d4 60.Kxd4 f5 61.Nf4+ Kd7 62.Ke3  1-0

[Event "TCh-SUI 2014"]
[Site "Switzerland SUI"]
[Date "2014.06.29"]
[Round "5.1"]
[White "Godena,M"]
[Black "Jussupow,Ar"]
[Result "1/2-1/2"]
[WhiteElo "2519"]
[BlackElo "2581"]

1.e4 e5 2.Nf3 Nf6 3.Nxe5 d6 4.Nf3 Nxe4 5.Bd3 Nf6 6.h3 Be7 7.O-O O-O 8.c3 b6
9.Bc2 Bb7 10.d4 Nbd7 11.Re1 Re8 12.Bg5 h6 13.Bf4 Bf8 14.Rxe8 Qxe8 15.Nbd2 Qe7
16.Nf1 Re8 17.Ng3  1/2-1/2

[Event "TCh-SUI 2014"]
[Site "Switzerland SUI"]
[Date "2014.10.11"]
[Round "8.2"]
[White "Hickl,J"]
[Black "Jussupow,Ar"]
[Result "1/2-1/2"]
[WhiteElo "2565"]
[BlackElo "2581"]

1.g3 d5 2.Nf3 c6 3.Bg2 Nf6 4.b3 Bf5 5.Bb2 e6 6.d3 h6 7.Nbd2 Nbd7 8.O-O Bh7
9.c4 Be7 10.a3 a5 11.Bc3 b5 12.cxb5 cxb5 13.b4 a4 14.e4 Rc8 15.Rc1 O-O 16.Qe2 Nb8
17.Bd4 Nc6 18.Bc5 Nd7 19.Bxe7 Nxe7 20.exd5 Nxd5 21.Ne4 Qb6 22.Rfe1 Rc7 23.Bf1 Rfc8
24.Qb2 Bg6 25.Rxc7 Qxc7 26.Qd4 Bh5 27.Bg2 Qb8 28.Qb2 Qc7 29.Qd4 Qb8 30.Qb2 Qc7  1/2-1/2

[Event "TCh-SUI 2014"]
[Site "Switzerland SUI"]
[Date "2014.10.12"]
[Round "9.1"]
[White "Jussupow,Ar"]
[Black "Siebrecht,S"]
[Result "1/2-1/2"]
[WhiteElo "2581"]
[BlackElo "2492"]

1.d4 d5 2.c4 c6 3.Nc3 Nf6 4.cxd5 cxd5 5.Bf4 Nc6 6.e3 a6 7.Bd3 Bg4 8.Nge2 e6
9.O-O Bd6 10.f3 Bh5 11.Rc1 Bg6 12.Bxd6 Qxd6 13.Nf4 e5 14.dxe5 Qxe5 15.Re1 Rd8
16.Qb3 Rd7 17.Na4 O-O 18.Nc5 Rc7 19.Nxb7 Nd4 20.Qd1 Rxb7 21.Bxg6 Nxf3+  1/2-1/2

[Event "TCh-SUI 2015"]
[Site "Switzerland SUI"]
[Date "2015.04.26"]
[Round "3.1"]
[White "Hickl,J"]
[Black "Jussupow,Ar"]
[Result "1/2-1/2"]
[WhiteElo "2549"]
[BlackElo "2573"]

1.g3 d5 2.Bg2 c6 3.Nf3 Bg4 4.c4 e6 5.b3 Nd7 6.Bb2 Ngf6 7.O-O Bd6 8.d3 Qe7
9.a3 a5 10.Nbd2 O-O 11.Qc2 h6 12.Rfe1 e5 13.e4 d4 14.Kh1 Nh7 15.Ng1 Ng5 16.Rf1 Ne6
17.Bf3 Nf6 18.Qd1 h5 19.Be2 Ng5 20.f3 Bd7 21.b4 axb4 22.axb4 Rxa1 23.Qxa1 Ne6
24.c5 Bb8 25.Nc4 h4 26.gxh4 Nf4 27.Bc1 Ng6 28.Bg5 Be6 29.Na5 Bc8 30.Bd1 Bc7
31.Nc4 Be6 32.Nh3 Bxc4 33.dxc4  1/2-1/2

[Event "32nd Cappelle Open 2016"]
[Site "Cappelle la Grande FRA"]
[Date "2016.02.13"]
[Round "1.21"]
[White "Jussupow,Ar"]
[Black "Berkovich,M"]
[Result "1/2-1/2"]
[WhiteElo "2578"]
[BlackElo "2349"]

1.d4 Nf6 2.Nf3 b6 3.Bg5 Bb7 4.Nbd2 e6 5.e4 h6 6.Bxf6 Qxf6 7.Bd3 g5 8.c3 Bg7
9.Qe2 Nc6 10.d5 Ne5 11.Nxe5 Qxe5 12.Nc4 Qf4 13.g3 Qf6 14.O-O-O Qe7 15.Ne3 O-O-O
16.Ba6 Qc5 17.h4 Bxa6 18.Qxa6+ Kb8 19.Qc4 Qxc4 20.Nxc4 Bf6 21.d6 Rdg8 22.e5 Bd8
23.dxc7+ Kxc7 24.Nd6 gxh4 25.Rd4 Bg5+ 26.f4 Be7 27.Nb5+ Kd8  1/2-1/2

[Event "32nd Cappelle Open 2016"]
[Site "Cappelle la Grande FRA"]
[Date "2016.02.15"]
[Round "3.21"]
[White "Jussupow,Ar"]
[Black "Esserman,M"]
[Result "1/2-1/2"]
[WhiteElo "2578"]
[BlackElo "2410"]

1.d4 d5 2.c4 e6 3.Nc3 c6 4.e3 Nf6 5.b3 Nbd7 6.Bb2 Bd6 7.Nf3 O-O 8.Bd3 Re8
9.Qc2 e5 10.cxd5 cxd5 11.dxe5 Nxe5 12.Nxe5 Bxe5 13.Ne2 d4 14.e4 Nxe4 15.Bxe4 d3
16.Bxd3 Bxb2 17.Bxh7+ Kh8 18.Qxb2 Bg4 19.f3 Qh4+ 20.Kf1 Qxh7 21.fxg4 Rac8
22.Rc1 Rxc1+ 23.Nxc1 Qe4 24.Qd2 Rc8 25.Ne2 Rc2 26.Qd8+ Kh7 27.Qh4+ Kg8 28.Qd8+ Kh7
29.Qh4+ Kg8 30.Qd8+  1/2-1/2

[Event "32nd Cappelle Open 2016"]
[Site "Cappelle la Grande FRA"]
[Date "2016.02.20"]
[Round "9.2"]
[White "Jussupow,Ar"]
[Black "Anurag,M"]
[Result "1/2-1/2"]
[WhiteElo "2578"]
[BlackElo "2383"]

1.d4 Nf6 2.c4 c6 3.Nc3 d5 4.cxd5 cxd5 5.Bf4 g6 6.e3 Bg7 7.Nf3 O-O 8.Bd3 Nc6
9.h3 a6 10.O-O Bf5 11.Bxf5 gxf5 12.Rc1 Rc8 13.Na4 Ne4 14.Nc5 Nxc5 15.Rxc5 b6
16.Rc3 Na7 17.Rxc8 Qxc8 18.Qb3 Qb7 19.Qd3 Qc8 20.Kh2 e6 21.g4 fxg4 22.hxg4 Qc4
23.Qb1 Rc8 24.Kg2 Qc2 25.Qxc2 Rxc2 26.Rb1 Nc6 27.Ne1 Rc4 28.Nd3  1/2-1/2

[Event "TCh-SUI 2016"]
[Site "Switzerland SUI"]
[Date "2016.04.17"]
[Round "2.1"]
[White "Ovsejevitsch,S"]
[Black "Jussupow,Ar"]
[Result "1/2-1/2"]
[WhiteElo "2588"]
[BlackElo "2585"]

1.d4 Nf6 2.c4 e6 3.Nf3 d5 4.Nc3 Be7 5.Bg5 h6 6.Bh4 O-O 7.e3 Ne4 8.Bxe7 Qxe7
9.cxd5 Nxc3 10.bxc3 exd5 11.c4 Be6 12.Rc1 Nd7 13.Qb3 Nf6 14.Be2 Rfc8 15.O-O c5
16.Qa3 b6 17.Nd2 dxc4 18.Bxc4 Bxc4 19.Rxc4 Qd7 20.Rd1 cxd4 21.Rxd4 Qe6 22.Qb2 Rc7
23.Nf3 Rac8 24.Qb1 Re8 25.Nd2 Qc8 26.Nf1 Rc2 27.R4d2 Rc5 28.Ng3 h5 29.h3 h4
30.Ne2 Ne4 31.Rd7 Qc6 32.Rd8 Re5 33.Qb2  1/2-1/2